000 00341nam a22001457a 4500
003 OSt
005 20220223103054.0
008 220223b |||||||| |||| 00| 0 eng d
020 _a9788174766113
040 _cHU
082 _a692.5
100 _aDutta
_931239
245 _aEstimating & Costing In Civil Engineering
942 _2ddc
_cBOOKS
_n0
999 _c31315
_d31315